000
00279nam a2200097Ia 4500
005
20251222114410.0
008
251222s1900||||xx |||||||||||||| ||spa||
082
_a
DVD0010/R47/1991
245
0
_a
Robín Hood: el príncipe de los ladrones.:Robín Hood: Prince of Trieves.
942
_c
DVD
999
_c
1993
_d
1993